A hand book of specific relief act with indian contract act (Record no. 190278)

MARC details
000 -LEADER
fixed length control field 00732nam a22002057a 4500
005 - DATE AND TIME OF LATEST TRANSACTION
control field 20220721130936.0
010 ## - LCCN (DPL NO)
LC control number ENG-133778
020 ## - INTERNATIONAL STANDARD BOOK NUMBER
Terms of availability 325.00
035 ## - SYSTEM CONTROL NUMBER
System control number EN-117310
037 ## - SOURCE OF ACQUISITION
Source of stock number/acquisition DBAD/PUB
082 ## - DEWEY DECIMAL CLASSIFICATION NUMBER
Classification number 346.02
100 ## - MAIN ENTRY--PERSONAL NAME
Personal name S.Sambandham
245 ## - TITLE STATEMENT
Title A hand book of specific relief act with indian contract act
Remainder of title selected essays/
Statement of responsibility, etc S. Sambandham & V.S. Rajaram
260 ## - PUBLICATION, DISTRIBUTION, ETC. (IMPRINT)
Name of publisher, distributor, etc Giri Law House
Place of publication, distribution, etc Salem
Date of publication, distribution, etc 636007
270 ## - ADDRESS
Address 55-A/314,Cherry ROAD ,1/2-A SOUTH MASI Street (DM Court Bus Stop) Madurai1-
-- 55-A/314,Cherry ROAD ,1/2-A SOUTH MASI Street (DM Court Bus Stop) Madu
City Salem
Postal code 636007
300 ## - PHYSICAL DESCRIPTION
Extent 312p.
Dimensions 22cm(hbk)
700 ## - ADDED ENTRY--PERSONAL NAME
Personal name V.S. Rajaram
760 ## - MAIN SERIES ENTRY
Edition 2012
942 ## - ADDED ENTRY ELEMENTS (KOHA)
Source of classification or shelving scheme Dewey Decimal Classification
Item type English Books
Classification part 346.02
Call number suffix SAM
Holdings
Withdrawn status Lost status Not for loan Collection code Home library Current library Date acquired Source of acquisition Cost, normal purchase price Full call number Barcode Copy number Cost, replacement price Koha item type
      Non-fiction Bawana Bawana 21/07/2022 DBAD/PUB 325.00 346.02 SAM EN-117310 1 325.00 English Books

© Delhi Public Library
Hit Counter
free hit counter